| 000 | 00365nam a2200157Ia 4500 | ||
|---|---|---|---|
| 003 | Ost | ||
| 005 | 20260225132546.0 | ||
| 008 | 260225s9999||||xx |||||||||||||| ||und|| | ||
| 040 | _cfsic | ||
| 041 | _afre | ||
| 082 | _a440 | ||
| 100 |
_aI.F.Nicolson _eAuteur |
||
| 245 | 4 | _aThe administration of Nigeria 1900to 1960 / | |
| 245 | 0 | _cI.F.Nicolson | |
| 942 | _cكتاب | ||
| 999 |
_c33831 _d33831 |
||